Jak na lepší vizuály s využitím AI

Článok skúma výzvy pri výbere efektívnych vizuálov a predstavuje VISTA, nástroj AI na rýchle a rôznorodé vizuálne hodnotenie. Zdôrazňuje opatrnosť pri testovaní založenom na AI (umelej inteligencie) a navrhuje kombináciu poznatkov AI s ľudskými perspektívami pre komplexné výsledky.

Salvato in:
Dettagli Bibliografici
Autore principale: Višková, Petra
Altri autori: Urban, Pavel
Natura: Capitolo di libro
Lingua:ceco
Soggetti:
Tags: Aggiungi Tag
Nessun Tag, puoi essere il primo ad aggiungerne!!

MARC

LEADER 00000naa a2200000 4500
001 0297871
005 20240417075258.3
041 0 |a cze 
044 |a CZ 
245 1 0 |a Jak na lepší vizuály s využitím AI  |c Petra Višková, Pavel Urban 
520 |a Článok skúma výzvy pri výbere efektívnych vizuálov a predstavuje VISTA, nástroj AI na rýchle a rôznorodé vizuálne hodnotenie. Zdôrazňuje opatrnosť pri testovaní založenom na AI (umelej inteligencie) a navrhuje kombináciu poznatkov AI s ľudskými perspektívami pre komplexné výsledky. 
610 2 0 |a inteligencia umelá 
610 2 0 |a reklama 
610 2 0 |a dizajn 
100 1 |a Višková, Petra 
700 1 |a Urban, Pavel